00788nas a2200253Ia 4500001001100000003000900011008004100020040001300061040001300074041001300087100004700100210001500147222001500162245005400177250001100231260002400242501008600266300001700352362002900369500004800398650004300446700001600489700002900505R137/B5078IT-RoPAU151124c99999999xx |||||||||||| ||und|| aIT-RoPAU cIT-RoPAU aITALIANO aBattista RobertogCodice Aut. SPICS: 45795 aMULTIMEDIA aMultimedia aMULTIMEDIA, ANNO 03-N.11/12 (1993)bDischi Ottici a1a ed. aTORINObSONDAc1993 bPaulus - SPICS - Società San Paolo EM (non-commercial uses only)cCopyright2015 a4 p. [76-79] aANNO 003, N.11/12 (1993) aStandard Delle Memorie Ottiche Interattive. aCOMUNICAZIONEvPUBBLICAZIONE PERIODICA aMasali Luca gCodice Aut. SPICS: 45796